Poder judicial e independencia judicial / (Record no. 41935)

MARC details
000 -LEADER
campo de control de longitud fija 01289nam a2200241 i 4500
001 - NÚMERO DE CONTROL
campo de control 41935
003 - IDENTIFICADOR DE NÚMERO DE CONTROL
campo de control ES-MaACL
005 - FECHA Y HORA DE LA ÚLTIMA TRANSACCIÓN
campo de control 20250407192335.0
007 - CAMPO FIJO DE DESCRIPCIÓN FÍSICA--INFORMACIÓN GENERAL
campo de control de longitud fija t|
008 - DATOS DE LONGITUD FIJA--INFORMACIÓN GENERAL
campo de control de longitud fija 030312s1951 sp |||| | spa d
100 1# - ENTRADA PRINCIPAL--NOMBRE DE PERSONA
Nombre de persona Castán Tobeñas, José,
Fechas asociadas al nombre 1889-1969
9 (RLIN) 36392
245 10 - MENCIÓN DEL TÍTULO
Título Poder judicial e independencia judicial /
Mención de responsabilidad, etc. discurso leído por José Castán Tobeñas en la solemne apertura de los Tribunales celebrada el 15 de septiembre de 1951.
260 ## - PUBLICACIÓN, DISTRIBUCIÓN, ETC.
Lugar de publicación, distribución, etc. Madrid :
Nombre del editor, distribuidor, etc. Instituto Editorial Reus,
Fecha de publicación, distribución, etc. 1951.
300 ## - DESCRIPCIÓN FÍSICA
Extensión 76 p. ;
Dimensiones 24 cm.
510 ## - NOTA DE CITAS O REFERENCIAS BIBLIOGRÁFICAS
Nombre de la fuente CCPB,
Localización dentro de la fuente 001385058-X.
650 #4 - PUNTO DE ACCESO ADICIONAL DE MATERIA--TÉRMINO DE MATERIA
Término de materia o nombre geográfico como elemento de entrada Independencia judicial.
9 (RLIN) 140842
852 ## - LOCALIZACIÓN
Ubicación ES-MaACL
Número de control de estantería D-6608
itemnumber 43488
Sublocalización o colección R.31288
-- R.M.6197
Ubicación en estantería Sala Valle Inclán
Marcas de propiedad Sello en tinta azul de la Biblioteca del Ateneo de Madrid.
Anotaciones manuscritas Anotación manuscrita en anteportada recto: "Para la biblioteca del Ateneo de Madrid". [Firma y rúbrica].
Donativo/Legado Sello en tinta azul en cubierta: "Donativo".
Encuadernación Encuadernación en tela con el título en cubierta en dorado.
Nota libre Sello en tinta azul en cubierta: "DIC.1951"
903 ## - NOMBRE PERSONAL DE DONANTE
9 36392
a Castán Tobeñas, José,
d 1889-1969
e Donante
942 ## - ELEMENTOS DE ENTRADA SECUNDARIOS (KOHA)
Fuente del sistema de clasificación o colocación Clasificación decimal universal
Tipo de ítem Koha Libro impreso
Holdings
Estatus retirado Estado de pérdida Fuente del sistema de clasificación o colocación Estado de daño No para préstamo Colección Biblioteca de origen Biblioteca actual Ubicación en estantería Fecha de adquisición Fuente de adquisición Total de préstamos Signatura topográfica completa Código de barras Visto por última vez Precio de reemplazo Tipo de ítem Koha Nota pública
    Clasificación decimal universal     Libros con dedicatorias Biblioteca del Ateneo de Madrid Biblioteca del Ateneo de Madrid Sala Valle Inclán 17/01/2008 Donación   D-6608 901044142 23/02/2023 23/02/2023 Libro impreso Dedicatoria autógrafa del autor